000 01182cam a22003857a 4500
003 CHAP
005 20220817043929.0
008 040305d2003 it a rn 00110 eng d
010 _a88131
011 _a89103
020 _a9251048711
035 _a99652
040 _cCHAP
082 0 4 _a639.2
_bF3 v.414
110 2 _aFAO
245 1 0 _aGuidelines for developing an at-sea fishery observer programma
_c/bySandy I. Davies
260 _aRome :
_bFAO,
_c2003.
300 _a116 p. :
_bilus.
410 _aFAO
490 0 _aDocumento técnico de pesca
_v; 414
590 _aBATCH-UPD
_b10
_c20130110
_lUCH01
_h0623
590 _aBATCH-UPD
_b10
_c20130110
_lUCH01
_h2309
590 _aBATCH-UPD
_b10
_c20130410
_lUCH01
_h0306
590 _aBATCH-UPD
_b10
_c20130914
_lUCH01
_h1137
590 _aCONVERSION
_b10
_c20130109
_lUCH01
_h1349
650 1 4 _aPesquería.
_987496
700 0 0 _aDavies, Sandy I.
_931231
700 0 0 _aReynolds, J. Eric
_eed.
_997081
810 0 _aFAO
830 0 0 _aDocumento técnico de pesca
_v; 414
_933242
901 _aBK
905 _aAlejandra Carrasco M.
942 _cLIBRO
949 _a639.2 F3 v.414
_bBC
_cFAO
_d33724000921706
_eFAO1
_h104495
_i99652
_sb
999 _c88131
_d88131